La Escala de la izquerda: la ubicación ideológica de presidentes y partidos de izquierda en América Latina /

Partiendo de una base de datos que recoge el resultado de entrevistas a parlamentarios y líderes políticos de América Latina, el artículo sitúa a los presidente de izquierda y sus partidos en escala ideológica. Los datos demuestran que, en un grupo mayoritario de países , el presidente se sitúa más...

Ամբողջական նկարագրություն

Պահպանված է:
Մատենագիտական մանրամասներ
Հիմնական հեղինակ: Alcántara Sáez, Manuel
Ձևաչափ: Տեքստ
Խորագրեր:
Ցուցիչներ: Ավելացրեք ցուցիչ
Չկան պիտակներ, Եղեք առաջինը, ով նշում է այս գրառումը!

MARC

LEADER 00000 a a2200000 04500
001 10922
003
040
100 |a Alcántara Sáez, Manuel  
245 |a La Escala de la izquerda:   |b la ubicación ideológica de presidentes y partidos de izquierda en América Latina /  |c Manuel Alcántara Sáez 
520 |a Partiendo de una base de datos que recoge el resultado de entrevistas a parlamentarios y líderes políticos de América Latina, el artículo sitúa a los presidente de izquierda y sus partidos en escala ideológica. Los datos demuestran que, en un grupo mayoritario de países , el presidente se sitúa más a la izquierda que el partido al cual pertenece , jugando un papel polarizado en la vida política. Se trata, justamente, de aquellos presidentes usualmente incluidos dentro de la categoría de "populistas". Esto permite confirmas, sobre la base de un ejercicio empírico, las hipótesis acerca de la existencia de dos de izquierdas diferenciadas de América Latina  
650 |a ASPECTOS POLITICOS  
650 |a PARTIDOS POLITICOS  
650 |a PRESIDENTES  
650 |a DEMOCRACIA  
650 |a AMERICA LATINA  
773 |g número 217; páginas 72-85  
999 |c 39309  |d 39309